<The> Survey of Migration Into Nakhon Ratchasima Province 1990

Salvato in:
Dettagli Bibliografici
Natura: Libro
Lingua:thailandese
inglese
Pubblicazione: Bangkok National Statistical Office 1990
Edizione:1. ed.
Tags: Aggiungi Tag
Nessun Tag, puoi essere il primo ad aggiungerne!!

MARC

LEADER 00000nam a2200000 4500
001 c002221
005 20251217140117.0
041 0 |a tha 
041 0 |a eng 
044 |a TH 
245 1 0 |a <The> Survey of Migration Into Nakhon Ratchasima Province 1990 
250 |a 1. ed. 
264 1 |a Bangkok  |b National Statistical Office  |c 1990 
300 |a 53 s.